000 00533nam a2200205Ia 4500
005 20250923145818.0
008 008 250917s9999 xx 000 0 eng d
037 _aTextual
040 _aDSWL
_beng
_cDSWL
041 _aeng
_2eng
084 _aY:10aA, N78
_qDSWL
100 _aUberoi, J.P.S.
_9839181
245 0 _aScience and culture
_cby J.P.S. Uberoi
260 _aDelhi
_bOxford
_c1978
300 _a88p.
365 _aINR
_b30
925 _g30
942 _cTEXL
_hY:10aA, N78
999 _c1455987
_d1455987